| 000 | 00487nam a2200145Ia 4500 | ||
|---|---|---|---|
| 008 | 220216s9999 xx 000 0 und d | ||
| 100 | _aGeorge T.K. | ||
| 245 | 0 | _aEffect of leaching NR latex film in enzyme solution for reducing extractable protein content | |
| 260 |
_bM.Tech. Thesis, Cochin University of Science and Technology, Cochin, India, 57 p. _c2000 |
||
| 650 | _aExtractable protein | ||
| 650 | _aLatex film | ||
| 650 | _aLeaching | ||
| 650 | _aNatural rubber | ||
| 942 | _cBS | ||
| 999 |
_c52455 _d52455 |
||